Postage stamp catalogue of The People's Republic of China (Record no. 526)

000 -LEADER
fixed length control field 00350nam a22001337a 4500
003 - CONTROL NUMBER IDENTIFIER
control field OSt
008 - FIXED-LENGTH DATA ELEMENTS--GENERAL INFORMATION
fixed length control field 140419b xxu||||| |||| 00| 0 eng d
041 ## - LANGUAGE CODE
Language code of text/sound track or separate title eng
100 1# - MAIN ENTRY--PERSONAL NAME
Personal name Yang, N.C.
245 10 - TITLE STATEMENT
Title Postage stamp catalogue of The People's Republic of China
260 ## - PUBLICATION, DISTRIBUTION, ETC. (IMPRINT)
Place of publication, distribution, etc. Kowloon, Hong Kong
Name of publisher, distributor, etc. N.C. Yang's Stamp and Coin
300 ## - PHYSICAL DESCRIPTION
Extent 146 pages
942 ## - ADDED ENTRY ELEMENTS (KOHA)
Edition
Holdings
Withdrawn status Lost status Source of classification or shelving scheme Materials specified (bound volume or other part) Damaged status Not for loan Collection code Permanent Location Current Location Date acquired Inventory number Total Checkouts Full call number Barcode Date last seen Copy number Price effective from Koha item type
      Soft Cover     Al Hyman Northern Philatelic Library Northern Philatelic Library 04/19/2014 G7820 .A1 Y22p 1991   G7820 .A1 Y22 1000659 06/27/2015 1 06/27/2015 Books

Powered by Koha